General psychology (Record no. 3765)

MARC details
000 -LEADER
fixed length control field 00540nam a22001817i 4500
020 ## - INTERNATIONAL STANDARD BOOK NUMBER
International Standard Book Number 9718558403
050 14 - LIBRARY OF CONGRESS CALL NUMBER
Classification number BF 721
Item number G12
100 1# - MAIN ENTRY--PERSONAL NAME
Personal name Gaerlan, Josefina
245 ## - TITLE STATEMENT
Title General psychology
Statement of responsibility, etc. Josefina Gaerlan..[et.al]
250 ## - EDITION STATEMENT
Edition statement Fifth Edition
264 #1 - PRODUCTION, PUBLICATION, DISTRIBUTION, MANUFACTURE, AND COPYRIGHT NOTICE
Place of production, publication, distribution, manufacture Quezon City:
Name of producer, publisher, distributor, manufacturer Ken Publishing,
Date of production, publication, distribution, manufacture, or copyright notice 2000.
300 ## - PHYSICAL DESCRIPTION
Extent vii, 272 pages;
Dimensions 23 cm.
336 ## - CONTENT TYPE
Content type term text
Content type code txt
Source rdacontent
337 ## - MEDIA TYPE
Media type term unmediated
Media type code n
Source rdamedia
338 ## - CARRIER TYPE
Carrier type term volume
Carrier type code nc
Source rdacarrier
650 ## - SUBJECT ADDED ENTRY--TOPICAL TERM
Topical term or geographic name entry element 1.Psychology. I.Limpingco, Delia II.Tria,Geraldine III.Title
942 ## - ADDED ENTRY ELEMENTS (KOHA)
Koha item type Filipiniana
Holdings
Withdrawn status Source of classification or shelving scheme Damaged status Not for loan Collection code Home library Current library Shelving location Date acquired Total Checkouts Full call number Barcode Date last seen Price effective from Koha item type
  Library of Congress Classification     Non-fiction Binangonan College Library Binangonan College Library Foreign Section 06/07/2023   BF 121 G34 2000 URSBIN-328 02/22/2016 02/22/2016 Foreign Books
  Library of Congress Classification     Non-fiction Binangonan College Library Binangonan College Library Filipiniana Section 06/07/2023   BF 721 G12 URSBIN-314 05/05/2016 05/05/2016 Filipiniana
  Library of Congress Classification     Non-fiction Binangonan College Library Binangonan College Library Filipiniana Section 06/07/2023   BF 121 G34 2000 URSBIN-1598 08/03/2016 08/03/2016 Filipiniana

University of Rizal System
Email us at univlibservices@urs.edu.ph

Visit our Website www.urs.edu.ph/library